000 00731nam a2200229 a 4500
999 _c10079
_d10079
001 10079
003 BD-JhCC
005 20180417091030.0
008 180417s1973 ii |||| ||a| 000 0 ben d
035 _a(BD-JhCC)10079
040 _aBD-JhCC
_dBD-JhCC
041 _aben
082 _a891.4409
_bMOD 1973
245 _aমধুসূদন রচনাবলী /
_cঅজিতকুমার ঘোষ এবং মণি বাগচি
260 _aকলিকাতা :
_bহরফ প্রকাশনী,
_c1973
300 _a399 p. :
_c22 cm.
650 _aCollection of Works
700 _aঘোষ, অজিতকুমার
700 _aবাগচি, মণি
942 _2ddc
_cBK